Tajemství kvantového života /

Hlavní autor: Kinslow, Frank J.
Jazyk: Čeština
Vydáno: Olomouc : ANAG, c2011
Témata:
Fyzický popis: 258 s. ; 22 cm
Knihy
Uloženo v:
LEADER 01724nam a2200505 a 4500
001 nkc20112249501
003 CZ PrNK
005 20111214135131.0
007 ta
008 111116s2011 xr a e f 000 0 cze
015 |a cnb002249501 
020 |a 978-80-7263-697-6  |q (brož.) 
035 |a (OCoLC)773171907 
040 |a ABA001  |b cze 
041 1 |a cze  |h eng 
072 7 |a 615.8  |x Fyzioterapie. Psychoterapie. Alternativní lékařství  |2 Konspekt  |9 14 
080 |a 159.9.016.1  |2 MRF 
080 |a 165.242.1  |2 MRF 
080 |a 615.851  |2 MRF 
080 |a 615.8  |2 MRF 
080 |a 17.02  |2 MRF 
080 |a (035)  |2 MRF 
100 1 |a Kinslow, Frank J.  |7 mzk2010567324  |4 aut 
245 1 0 |a Tajemství kvantového života /  |c Frank J. Kinslow ; [z anglického originálu ... přeložila Bronislava Grygová] 
260 |a Olomouc :  |b ANAG,  |c c2011 
300 |a 258 s. ;  |c 22 cm 
500 |a Terminologický slovník 
650 0 7 |a mysl a tělo  |7 ph135558  |2 czenas 
650 0 7 |a sebeuvědomování  |7 ph217729  |2 czenas 
650 0 7 |a sebeuzdravování  |7 ph125452  |2 czenas 
650 0 7 |a alternativní terapie  |7 ph137043  |2 czenas 
650 0 7 |a životní harmonie  |7 ph138147  |2 czenas 
650 0 9 |a mind and body  |2 eczenas 
650 0 9 |a self-awareness  |2 eczenas 
650 0 9 |a health self-care  |2 eczenas 
650 0 9 |a alternative therapy  |2 eczenas 
650 0 9 |a harmony of life  |2 eczenas 
655 7 |a příručky  |7 fd133209  |2 czenas 
655 9 |a handbooks and manuals  |2 eczenas 
765 0 |t Secret of quantum living  |9 Česky 
910 2 |a BOA001  |b 2-1275.603 
990 |a BK 
995 |a 01 
991 |b 201112  |c NOV  |e n 
996 6 |b 2610493720  |c 2-1275.603  |l MZK  |r Sklad / do 1 hodiny  |n 13  |p p.v.  |w 001214479  |u 000010  |a 1  |e BOA001  |j MZK50  |s P